000 00909nam a2200217Ii 4500
003 JO-AjNU
008 230605s9999||||xx |||||||||||||| ||und||
017 _a2000/18281
020 _a977-277-225-6
040 _aJO-AjNU
_bara
_erda
_cJO-AjNU
041 _aara
050 1 4 _aNK5206.M3364 2000
100 3 _aالمهدي,عنايات تأليف,
_eauthor
_917138
245 0 0 _aالجديد في فن الزجاج الملون والمعشق:طريقة جديدة لأسلوب الزجاج المعشق التقليدي -بسيطة -أقل تكلفة- لاتتطلب مهاره
264 3 1 _aالقاهرة:دارالطلائع للنشر والتوزيع والتصدير,2000
300 _a288ص
336 _atext
_btxt
_2rdacontent
337 _aunmediated
_bn
_2rdamedia
338 _avolume
_bnc
_2rdacarrier
650 4 _aالفن-فن الزجاج-فن الزجاج الملون والمعشق
_917139
999 _aA5230
_c8798
_d8798